| 000 | 01246nam a22003377a 4500 | ||
|---|---|---|---|
| 003 | CHAP | ||
| 005 | 20220329143554.0 | ||
| 008 | 100614s2007 mx a r 00010 spa d | ||
| 010 | _a98695 | ||
| 011 | _a99667 | ||
| 020 | _a978970430303 | ||
| 035 | _a110353 | ||
| 040 | _cCHAP | ||
| 082 | 1 | 0 |
_a584.43 _bB73 |
| 100 | 0 | 0 |
_aBravo Mosqueda, Ernesto. _915148 |
| 245 | 1 | 0 |
_aTecnología para la producción de maguey mezcalero en Oaxaca _c/por Ernesto Bravo Mosqueda, Horacio Espinosa Paz y Porfirio López López |
| 260 |
_aOaxaca, Oax. : _bInstituto Nacional de Investigaciones Forestales Agrícolas y Pecuarias, _c2007 |
||
| 300 |
_a160 p. : _bilus. |
||
| 590 |
_aBATCH-UPD _b10 _c20130110 _lUCH01 _h1453 |
||
| 590 |
_aBATCH-UPD _b10 _c20130410 _lUCH01 _h0919 |
||
| 590 |
_aBATCH-UPD _b10 _c20130913 _lUCH01 _h2001 |
||
| 590 |
_aCONVERSION _b10 _c20130109 _lUCH01 _h1354 |
||
| 650 | 1 | 4 |
_aAgave mezcalero. _91105 |
| 650 | 1 | 4 |
_aAgave _xOaxaca. _91085 |
| 700 | 0 |
_aLópez López, Porfirio. _968051 |
|
| 700 | 1 |
_aEspinosa Paz, Horacio _937977 |
|
| 901 | _aBK | ||
| 942 | _cLIBRO | ||
| 949 |
_a584.43 B73 _bBC _cLIBRO _d33724002174777 _eLIBRO _gI.c/e _h112880 _i110353 _so |
||
| 949 |
_a584.43 B73 _bBC _cLIBRO _d33724002175058 _eLIBRO _fc.2 _gI.c/e _h112883 _i110353 _si |
||
| 999 |
_c98695 _d98695 |
||